000 01157nam a2200337 i 4500
001 000025185
003 DO-SdBNP
005 20250621074007.0
007 ta
008 081127s2009 dr a 000 0 spa d
020 _a999341011X
040 _aDO-SdBNP
_bspa
_cBNPHU
_erda
082 4 _a923.77293
_bU75C, 2009
_222
100 1 _aCassá, Roberto,
_d1948-
_910888
245 1 0 _aSalomé Ureña :
_bmujer total /
_cRoberto Cassá ; ilustraciones Ramiro Manzano.
250 _a3a. edición
264 _aSanto Domingo :
_bTobogán,
_c2009.
300 _a64 páginas :
_bilustraciones ;
_c21 cm.
336 _2rdacontent
_atexto
_btxt
337 _2rdamedia
_asin mediación
_bn
338 _2rdacarrier
_avolumen
_bnc
490 0 _aBiografías dominicanas Tobogán
590 _aInventariado, 2018/ YL
650 4 _a Literatura dominicana
_9416
650 4 _aPersonal docente
_zRepública Dominicana
_vBiografías
_917427
651 4 _aRepública Dominicana
_xBiografias
_91325
651 0 _aRepública Dominicana
_xPolítica y gobierno
_945
700 1 _aManzano, Ramiro,
_eil.
_9768
910 _aValidado. Control de calidad MFF
942 _2ddc
_cLBS1
999 _c24678
_d24678